100 biggest cities in Austria on a map - Statistics

General Stats
  • This quiz has been taken 46 times
    40 since last reset
  • The average score is 28 of 100
Answers on the Map
Answers color-coded by a green-red scale on the quiz's map according to % correct below.
 
Answer Stats
Federal state City % Correct
Vienna Vienna
97%
Tyrol Innsbruck
94%
Salzburg Salzburg
91%
Upper Austria Linz
89%
Styria Graz
83%
Carinthia Klagenfurt am Wörthersee
80%
Vorarlberg Dornbirn
74%
Carinthia Villach
71%
Upper Austria Wels
66%
Vorarlberg Feldkirch
63%
Lower Austria Wiener Neustadt
57%
Lower Austria Sankt Pölten
54%
Upper Austria Steyr
49%
Vorarlberg Bludenz
46%
Burgenland Eisenstadt
46%
Tyrol Lienz
46%
Lower Austria Baden
43%
Styria Leoben
43%
Vorarlberg Lustenau
43%
Tyrol Kufstein
40%
Lower Austria Amstetten
37%
Lower Austria Klosterneuburg
37%
Lower Austria Krems an der Donau
37%
Salzburg Zell am See
37%
Lower Austria Mödling
34%
Vorarlberg Hard
31%
Tyrol Imst
31%
Salzburg Sankt Johann im Pongau
31%
Tyrol Sankt Johann in Tirol
31%
Lower Austria Schwechat
31%
Karyntia Feldkirchen in Kärnten
29%
Upper Austria Gmunden
29%
Salzburg Hallein
29%
Upper Austria Leonding
29%
Upper Austria Traun
29%
Lower Austria Tulln an der Donau
29%
Carinthia Wolfsberg
29%
Upper Austria Bad Ischl
26%
Upper Austria Enns
26%
Styria Judenburg
26%
Lower Austria Korneuburg
26%
Styria Leibnitz
26%
Tyrol Schwaz
26%
Tyrol Telfs
26%
Lower Austria Bad Vöslau
23%
Salzburg Bischofshofen
23%
Styria Bruck an der Mur
23%
Vorarlberg Hohenems
23%
Vorarlberg Rankweil
23%
Salzburg Saalfelden am Steinernen Meer
23%
Carinthia Spittal an der Drau
23%
Upper Austria Vöcklabruck
23%
Tyrol Wörgl
23%
Upper Austria Ansfelden
20%
Upper Austria Braunau am Inn
20%
Styria Deutschlandsberg
20%
Styria Fürstenfeld
20%
Lower Austria Gänserndorf
20%
Tyrol Hall in Tirol
20%
Lower Austria Hollabrunn
20%
Styria Kapfenberg
20%
Lower Austria Mistelbach
20%
Lower Austria Stockerau
20%
Lower Austria Waidhofen an der Ybbs
20%
Vorarlberg Götzis
17%
Vorarlberg Lauterach
17%
Upper Austria Marchtrenk
17%
Upper Austria Purkersdorf
17%
Carinthia Sankt Veit an der Glan
17%
Salzburg Seekirchen am Wallersee
17%
Lower Austria Zwettl-Niederösterreich
17%
Lower Austria Brunn am Gebirge
14%
Lower Austria Deutsch-Wagram
14%
Lower Austria Gerasdorf bei Wien
14%
Lower Austria Groß-Enzersdorf
14%
Lower Austria Perchtoldsdorf
14%
Carinthia Völkermarkt
14%
Styria Weiz
14%
Upper Austria Laakirchen
11%
Lower Austria Neunkirchen
11%
Lower Austria Traiskirchen
11%
Styria Voitsberg
11%
Salzburg Wals-Siezenheim
11%
Styria Feldbach
9%
Styria Knittelfeld
9%
Styria Köflach
9%
Upper Austria Ried im Innkreis
9%
Lower Austria Sankt Valentin
9%
Lower Austria Strasshof an der Nordbahn
9%
Upper Austria Ternitz
9%
Upper Austria Altmünster
6%
Upper Austria Attnang-Puchheim
6%
Lower Austria Ebreichsdorf
6%
Styria Gleisdorf
6%
Carinthia Sankt Andrä
6%
Upper Austria Sierning
6%
Styria Gratwein-Straßengel
3%
Styria Seiersberg-Pirka
3%
Styria Trofaiach
3%
Vorarlberg Bregencja
0%
No matching quizzes found
Score Distribution
Percent of People with Each Score
Percentile by Number Answered
Your Score History
You have not taken this quiz since the last reset